Southville International School and Colleges
Your cart is empty.
  • Cart
  • Lists
    Public lists Eva Luna New books Lux_list list_1
    Your lists Log in to create your own lists
  • Log in to your account
  • Your cookies
  • Search history
Southville International School and Colleges
  • Advanced search
  • Recent comments
  • Most popular
  • Libraries

Log in to your account

Log in with GOOGLE


If you do not have an external account, but do have a local account, you can still log in:

  1. Home
  2. MARC view: Business and the Buddha:
Normal view MARC view ISBD view

Business and the Buddha: (Record no. 287984)

[ view plain ]
MARC details
000 -LEADER
fixed length control field 00564nam a2200157Ia 4500
008 - FIXED-LENGTH DATA ELEMENTS--GENERAL INFORMATION
fixed length control field 150610s9999 xx 000 0 und d
020 ## - INTERNATIONAL STANDARD BOOK NUMBER
International Standard Book Number 0 861715446
050 ## - LIBRARY OF CONGRESS CALL NUMBER
Classification number HF5388
Item number .F54 2007
100 ## - MAIN ENTRY--PERSONAL NAME
Personal name Field, Lloyd M.
245 ## - TITLE STATEMENT
Title Business and the Buddha:
Remainder of title doing well by doing good /
Statement of responsibility, etc Lloyd M. Field; foreword by the Dalai lama; preface by Master Hsing Yun.
260 ## - PUBLICATION, DISTRIBUTION, ETC. (IMPRINT)
Place of publication, distribution, etc Boston :
Name of publisher, distributor, etc Wisdom Publications,
Date of publication, distribution, etc 2007.
300 ## - PHYSICAL DESCRIPTION
Extent 212pages ;
Dimensions 23 cm.
504 ## - BIBLIOGRAPHY, ETC. NOTE
Bibliography, etc Includes Bibliographic references an index.
520 ## - SUMMARY, ETC.
Summary, etc Buddhism.
650 ## - SUBJECT ADDED ENTRY--TOPICAL TERM
Topical term or geographic name as entry element Buddhism
General subdivision Social aspects.
Holdings
Withdrawn status Lost status Damaged status Home library Current library Shelving location Date acquired Total Checkouts Full call number Barcode Date last seen Price effective from Koha item type
      Stonyhurst Southville International School (Batangas) Stonyhurst Southville International School (Batangas) High School Section 06/10/2015   HF5388 .F54 2007 US-1446 06/10/2015 06/10/2015 Books

Business and the Buddha:

APA

Field L. M., . (2007). Business and the Buddha. Boston: Wisdom Publications.

Chicago

Field Lloyd M, . 2007. Business and the Buddha. Boston: Wisdom Publications.

Harvard

Field L. M., . (2007). Business and the Buddha. Boston: Wisdom Publications.

MLA

Field Lloyd M, . Business and the Buddha. Boston: Wisdom Publications. 2007.

  • Place hold
  • Print
  • Cite
  • Add to your cart (remove)
  • Save record
    BIBTEX Dublin Core MARCXML MARC (non-Unicode/MARC-8) MARC (Unicode/UTF-8) MARC (Unicode/UTF-8, Standard) MODS (XML) RIS
  • More searches
    Search for this title in:
    Other Libraries (WorldCat) Other Databases (Google Scholar) Online Stores (Bookfinder.com) Open Library (openlibrary.org)

Exporting to Dublin Core...

SOUTHVILLE LIBRARY

Southville International School and Colleges Library

1281 Tropical Ave. Cor. Luxembourg St., BF Homes International, Las Pinas City

Tel. No. 8256374 / 252358 Loc. 117/146

Powered by Koha